000 00795nam a2200289Ia 4500
005 20260324111654.0
008 008 260324s9999 xx 000 0 eng d
020 _a9781032678573
037 _aEBOOK
040 _aCRL
040 _beng
040 _cCRL
041 _2eng
041 _aeng
084 _qCRL
100 _aMohd Hafiz Mohd; Noor Atinah Ahmad; Syakila Ahmad; Md Yushalify Misro; Mohamad Hekarl Uzir
_91139538
245 0 _aMathematical Modelling for Engineering and Physical Applications
245 0 _bPractical Examples and Case Studies
260 _bTaylor and Francis
260 _c2025
365 _a
365 _b195
856 _uhttp://www.taylorfrancis.com/books/9781032678573
942 _cEBOOK
999 _c1728438
_d1728438